| 000 | 00756nam a22002417a 4500 | ||
|---|---|---|---|
| 003 | SEM | ||
| 005 | 20240621122840.0 | ||
| 008 | 240620m2002 us ||||gr||||||01|||rus|d | ||
| 020 | _a5-901482-0187-8 (Рос.) (Т. 4) | ||
| 040 |
_aSEM _cSEM |
||
| 041 | _arus | ||
| 082 | _a228/Л-55 | ||
| 100 |
_aЛи, Уитнесс _d(1905-1997) |
||
| 245 |
_aЖизнеизучение : _bОткровения / _cУ. Ли |
||
| 246 | _aLife-Study of Revelation / | ||
| 260 |
_aАнахайм : _b«Живой поток», _c2001. |
||
| 300 |
_aТ. ; _c20 см |
||
| 505 |
_aТ. 4 - _g2001.-XII+636-846 с. |
||
| 650 |
_aНовий Завет _xОткровение |
||
| 650 | _aКнига заключения | ||
| 653 | _aՍԷՄ | ||
| 942 |
_2ddc _cBK _n0 |
||
| 999 |
_c74947 _d74947 |
||